Our fragile world. Right whales of Patagonia /

Each spring, giant Southern right whales migrate from Antarctica to Valdez Bay, east of Argentina to mate and nurture their calves. But this is a major oil-producing area in Argentina and serious problems for the whales have developed because of this.

Bibliographic Details
Corporate Authors: TVOntario, Nihon Hōsō Kyōkai, Films for the Humanities (Firm)
Format: Video VHS
Language:English
Published: Princeton, N.J. : Films for the Humanities & Sciences, [1996]
Subjects:

MARC

Tag First Indicator Second Indicator Subfields
LEADER 00000cgm a2200000 a 4500
001 in00001404972
005 20151020064105.0
007 vf cbaho|
008 970710r19961995nju015 g vleng d
028 4 1 |a FFH6522  |b Films for the Humanities 
035 |a (OCoLC)37272909 
035 |9 AHP4480AM 
040 |a JPL  |c JPL  |d TXA  |d UtOrBLW 
049 |a TXAM 
090 |a QL737.C4  |b O87 1996 
245 0 0 |a Our fragile world.  |p Right whales of Patagonia /  |c a co-production of TVOntario and NHK Enterprises ; producer/director, Byron Patchett. 
246 3 0 |a Right whales of Patagonia 
246 1 |i Title from cassette:  |a Where the right whale sings 
264 1 |a Princeton, N.J. :  |b Films for the Humanities & Sciences,  |c [1996] 
264 4 |c ©1996 
300 |a 1 videocassette (15 min.) :  |b sound, color ;  |c 1/2 in. 
336 |a two-dimensional moving image  |b tdi  |2 rdacontent 
337 |a video  |b v  |2 rdamedia 
338 |a videocassette  |b vf  |2 rdacarrier 
538 |a VHS. 
508 |a Editors, Elizabeth Payne, Jim Crewe and Neill McWilliams. 
511 0 |a Narrator, Patty Sullivan. 
500 |a Originally broadcast in 1995 on the series Global family. 
520 |a Each spring, giant Southern right whales migrate from Antarctica to Valdez Bay, east of Argentina to mate and nurture their calves. But this is a major oil-producing area in Argentina and serious problems for the whales have developed because of this. 
500 |a "FFH6522." 
500 |a Videorecording. 
650 0 |a Whales  |z Patagonia. 
650 0 |a Whales  |z Argentina. 
650 0 |a Endangered species  |z Patagonia. 
710 2 |a TVOntario. 
710 2 |a Nihon Hōsō Kyōkai. 
710 2 |a Films for the Humanities (Firm) 
730 0 |a Global family (Television program) 
948 |a c:dm 
999 |a MARS 
999 f f |s 86b27def-df98-30bb-8034-ab6811822bd3  |i 19b08167-eb56-3132-994f-26dbf3b94cf7  |t 0 
952 f f |p ric  |a Texas A&M University  |b Rellis Campus  |c Joint Library Facility  |d Remote Storage  |t 0  |e QL737.C4 O87 1996  |h Library of Congress classification  |i video -- videocassette  |m A14822492157 
998 f f |a QL737.C4 O87 1996  |t 0  |l Remote Storage